स्वाधीनता आंदोलन में किसानो की भूमिका और उनका भविष्य (Record no. 29562)
[ view plain ]
| 000 -LEADER | |
|---|---|
| fixed length control field | 00442nam a22001217a 4500 |
| 003 - CONTROL NUMBER IDENTIFIER | |
| control field | SGT |
| 082 ## - DEWEY DECIMAL CLASSIFICATION NUMBER | |
| Classification number | 3012 |
| Item number | S42R |
| 100 ## - MAIN ENTRY--PERSONAL NAME | |
| Personal name | राय, सूर्यभान |
| 245 ## - TITLE STATEMENT | |
| Title | स्वाधीनता आंदोलन में किसानो की भूमिका और उनका भविष्य |
| 260 ## - PUBLICATION, DISTRIBUTION, ETC. (IMPRINT) | |
| Name of publisher, distributor, etc | स्वामी सहजानंद विचार मंच |
| Year of Publication | 1942 |
| 300 ## - PAGE DESCRIPTION | |
| No. of Pages | 216 |
| 942 ## - ADDED ENTRY ELEMENTS (KOHA) | |
| Source of classification or shelving scheme | Dewey Decimal Classification |
| Koha item type | Books |
| Withdrawn status | Lost status | Source of classification or shelving scheme | Damaged status | Not for loan | Home library | Current library | Shelving location | Date acquired | Cost, normal purchase price | SGTU | Total Checkouts | Full call number | Accession No. (Barcode) | Date last seen | Bill Date | Koha item type |
|---|---|---|---|---|---|---|---|---|---|---|---|---|---|---|---|---|
| Dewey Decimal Classification | Not For Loan | SGT Chancellor's Library | SGT Chancellor's Library | Reference Book | 01/02/2025 | 150.00 | SGTU | 3012 S42R | CH2139 | 01/02/2025 | 01/02/2025 | Books |